The Eras Tour | Locations - Statistics

General Stats
  • This quiz has been taken 475 times
  • The average score is 33 of 51
Answer Stats
Leg Answer % Correct
USA Los Angeles
94%
International London
92%
International Paris
90%
USA Miami
88%
International Madrid
86%
USA Chicago
85%
International Tokyo
85%
USA Houston
84%
International Sydney
83%
USA Seattle
82%
International Milan
78%
USA Las Vegas
77%
International Melbourne
77%
USA Atlanta
76%
International Dublin
76%
International Rio de Janeiro
76%
International Munich
74%
International Stockholm
74%
International Amsterdam
73%
International Lisbon
73%
International Mexico City
73%
USA Philadelphia
73%
International Vienna
73%
USA Denver
72%
USA Nashville
72%
International Toronto
72%
USA Detroit
70%
International Buenos Aires
69%
USA New Orleans
69%
International Vancouver
69%
International Warsaw
68%
USA Minneapolis
67%
International São Paulo
67%
USA Kansas City
66%
USA Indianapolis
63%
International Singapore
61%
USA Tampa
61%
USA Pittsburgh
60%
International Zurich
59%
International Edinburgh
57%
International Hamburg
57%
USA Cincinnati
56%
International Liverpool
51%
International Lyon
50%
International Cardiff
38%
USA East Rutherford
28%
USA Arlington
27%
USA Santa Clara
23%
USA Foxborough
21%
International Gelsenkirchen
20%
USA Glandale
7%
No matching quizzes found
Score Distribution
Percent of People with Each Score
Percentile by Number Answered
Your Score History
You have not taken this quiz